| 000 | 01359nam a2200217Ia 4500 | ||
|---|---|---|---|
| 003 | Ost | ||
| 005 | 20260507075632.0 | ||
| 008 | 260507s9999||||xx |||||||||||||| ||und|| | ||
| 020 | _a9775723035 | ||
| 040 | _cfsecg | ||
| 041 | _aara | ||
| 082 | _a658.8 | ||
| 100 |
_aالخضيري، محسن احمد _eمؤلف |
||
| 245 | 0 |
_aالتسويق في ظل عدم وجود نظام معلومات : _bمنهج إقتصادي إداري متكامل للتعامل مع المجهول في الأسواق المحلية والدولية للسلع والخدمات والأفكار / _c محسن احمد الخضيري |
|
| 260 |
_aالقاهرة: _bايتراك للنشر و التوزيع, _c1996 |
||
| 300 |
_a203 صفحة؛ _bإيضاحات ؛ _c24 سم |
||
| 520 | _aتجد في هذا الكتاب المنهج المتكامل للتعامل مع المجهول ،دور التسويق في النشاط الإقتصادي ،دور التسويق في السوق المحلي والسوق العالمي ، التعبئة والتغليف للمنتجات الموجهة للتصدير ،ترويج الخدمات والمنتجات ،تطوير مزيج السلع والخدمات ، دراسة العميل والسوق ، تفهم سلوك المشتري | ||
| 653 | _aالأسواق الحرة | ||
| 653 | _aالتسويق | ||
| 942 | _cكتاب | ||
| 999 |
_c45223 _d45223 |
||